| 000 | 00457nam a22001457a 4500 | ||
|---|---|---|---|
| 003 | macl | ||
| 005 | 20200229161156.0 | ||
| 008 | 200229b xxu||||| |||| 00| 0 eng d | ||
| 040 | _cmacl | ||
| 100 |
_aतिवारी, प्रहलाद _956141 |
||
| 245 | _aगुरूकुल | ||
| 260 |
_aदिल्ली _bविद्याथ्र्ी प्रकाशन _c2015 |
||
| 650 |
_aउपन्यास _978499 |
||
| 942 |
_2ddc _cHIN |
||
| 999 |
_c62272 _d62272 |
||